000 01730cam a22001934a 4500
005 20250605163722.0
008 250528s ||||||||||||||||||||||||d
035 _a24959
020 _a9789603517740
040 _aGR-AtMCL
_bgre
_dGR-AtMCL
_eAACR2
245 1 _aΑειφορία και Εναλλακτικός Τουρισμος / Αγροτουρισμός - Ορεινός Τουρισμός - Οικοτουρισμός - Πολιτιστικός Τουρισμός
260 _bΣταμούλης Α,
_c2008
300 _a347
520 _aΣτο βιβλίο αυτό παρουσιάζεται ένα ολοκληρωμένο φάσμα εννοιών, χαρακτηριστικών και πρακτικών των Εναλλακτικών Μορφών Τουρισμού. Εισαγωγή, Αειφορία και Τουρισμός, Βασικές Έννοιες και Χαρακτηριστικά του Εναλλακτικού Τουρισμού, Επιπτώσεις του Εναλλακτικο΄υ Τουρισμού, Αγροτουρισμός, Οικοτουρισμός, Ορεινός Τουρισμός, Διαχείριση και Πολιτική Πολιτιστικού Τουρισμού, Εναλλακτικός Τουρισμός και Κρατική Παρέμβαση και Επιχειρηματικότητα και Ευρωπαϊκή Ένωση, Ο Όρος Αειφόρος Ανάπτυξη στην Ελληνική Τουριστική Εκπαίδευση, Επιλογος, Συμπεράσματα, Παραρτήματα, Αναφορέ, Ευρετήριο.
700 1 _aΑνδριώτης Κωνσταντίνος
942 _cBK
999 _c9780
_d9780